Tuyển tập văn học Ba tập T.1 Truyện và ký

Toàn văn tuyên ngôn độc lập và các tác phẩm truyện, ký của Chủ tịch Hồ Chí Minh

שמור ב:
מידע ביבליוגרפי
מחבר ראשי: Hồ Chí Minh
פורמט: ספר
שפה:Vietnamese
יצא לאור: H. Văn học 1995
נושאים:
תגים: הוספת תג
אין תגיות, היה/י הראשונ/ה לתייג את הרשומה!
Thư viện lưu trữ: Mạng thư viện Đại học Đà Nẵng
LEADER 01345nam a2200397 4500
001 000007466
003 3628
005 20111004091048.0
008 111004s1995 viesd
020 |c 24000đ 
041 0 |a vie 
082 |a 895.922.08  |b HÔ-M 
100 0 |a Hồ Chí Minh 
245 1 0 |a Tuyển tập văn học  |b Ba tập  |c Hồ Chí Minh  |n T.1  |p Truyện và ký 
260 |a H.  |b Văn học  |c 1995 
300 |a 487 tr.  |c 19 cm. 
520 |a Toàn văn tuyên ngôn độc lập và các tác phẩm truyện, ký của Chủ tịch Hồ Chí Minh 
653 |a Văn học hiện đại 
653 |a Việt Nam 
653 |a Hồ Chí Minh 
653 |a Tuyển tập 
653 |a Truyện 
653 |a Tác phẩm văn học 
653 |a Kí 
773 |t Tuyển tập văn học  |w 3625 
910 |a Huỳnh Thị Cẩm Lai  |d 04/10/2011 
OWN |a LSP 
AVA |a UDN50  |b LSP  |d 895.922.08 HÔ-M  |e available  |t Error 5001 Not defined in file expand_doc_bib_avail.  |f 4  |g 0  |h N  |i 0  |k 1 
999 |a From the UDN01 
AVA |a UDN50  |b LSP  |d 895.922.08 HÔ-M  |e available  |t Error 5001 Not defined in file expand_doc_bib_avail.  |f 4  |g 0  |h N  |i 0  |k 1 
TYP |a Monograph 
TYP |a Printed language 
980 |a Mạng thư viện Đại học Đà Nẵng